000 00726nam a2200253Ia 4500
001 18614
003 GE_BSU
008 181216s||||||||xx |||||||||||||| ||und||
020 _a999400008X
040 _cGE_BSU
080 _a327
100 _aჭიპაშვილი, ჰამლეტ
245 _aდიპლომატია
245 _cრედ. გულბაათ რცხილაძე
260 _aთბილისი
260 _bინოვაცია პლიუსი
260 _c2007
300 _a608გვ.22სმ.
541 _h17ლ.
653 _aდიპლომატია
653 _aპოლიტიკა
653 _aქსეროქსი
942 _cBK
999 _c51623
_d51623